La trama de los Cielos

Збережено в:
Бібліографічні деталі
Автор: Toulmin, Stephen y Goodfield, Junes
Формат: Книга
Мова:Undetermined
Опубліковано: Buenos Aires, Argentina EditorialUniversitaria 1971
Предмети:
Теги: Додати тег
Немає тегів, Будьте першим, хто поставить тег для цього запису!

MARC

LEADER 00000nam a2200000Ia 4500
008 170316s9999 xx 000 0 und d
090 |a 100 T-13t 
100 |a Toulmin, Stephen y Goodfield, Junes 
245 |a La trama de los Cielos 
260 |a Buenos Aires, Argentina 
260 |b EditorialUniversitaria 
260 |c 1971 
300 |a 311 páginas 
650 |a FILOSOFÍA 
999 |c 17740  |d 17740 
040 |a cru BVZT 
942 |c 15 D  |h 100 T-13t  |2 z